Complete Companion for GPAT: (Record no. 207104)

MARC details
000 -LEADER
fixed length control field 00948nam a22002537a 4500
005 - DATE AND TIME OF LATEST TRANSACTION
control field 20241128105301.0
010 ## - LCCN (DPL NO)
LC control number ENG-142702
020 ## - INTERNATIONAL STANDARD BOOK NUMBER
Terms of availability 1045.00
International Standard Book Number 9789361595592
035 ## - SYSTEM CONTROL NUMBER
System control number EN-126234
037 ## - SOURCE OF ACQUISITION
Source of stock number/acquisition DBAD
082 ## - DEWEY DECIMAL CLASSIFICATION NUMBER
Classification number 615
Edition number 9
100 ## - MAIN ENTRY--PERSONAL NAME
Personal name Shah, Umang
245 ## - TITLE STATEMENT
Title Complete Companion for GPAT:
Remainder of title Other Entrance Examination in Pharmacy /
Statement of responsibility, etc By Umang Shah...[et.al]
250 ## - EDITION STATEMENT
Edition statement 9
260 ## - PUBLICATION, DISTRIBUTION, ETC. (IMPRINT)
Place of publication, distribution, etc Uttar Pradesh
Name of publisher, distributor, etc Pearson India Education Pvt Ltd
Date of publication, distribution, etc 2025
270 ## - ADDRESS
City Uttar Pradesh
Address 1st FLoor, Berger Tower, Plot No. C-001A/2, Sector-16B, Noida
Postal code 201301
300 ## - PHYSICAL DESCRIPTION
Extent vpp.
Dimensions 25cm(pb)
Other physical details Index
500 ## - GENERAL NOTE
General note Includes GPAT 2024 Question Paper | NIPER JEE Special Module and 5 Mock Question Papers
700 ## - ADDED ENTRY--PERSONAL NAME
Personal name Akabari, Ashok
Relator term Author
9 (RLIN) 74172
700 ## - ADDED ENTRY--PERSONAL NAME
Personal name Baser, Amit Kumar
Relator term Author
9 (RLIN) 74173
700 ## - ADDED ENTRY--PERSONAL NAME
Personal name Patel, Ashish
Relator term Author
9 (RLIN) 74174
700 ## - ADDED ENTRY--PERSONAL NAME
Personal name Patel, Sandip
Relator term Author
9 (RLIN) 74175
942 ## - ADDED ENTRY ELEMENTS (KOHA)
Source of classification or shelving scheme Dewey Decimal Classification
Item type English Books
Classification part 615
Call number suffix SHA
Edition 1
Holdings
Withdrawn status Lost status Not for loan Collection code Home library Current library Date acquired Source of acquisition Cost, normal purchase price Full call number Barcode Copy number Cost, replacement price Koha item type
      Non-fiction Central Library Central Library 28/11/2024 Delivery of Books Act Division 1045.00 615 SHA EN-126234 1 1045.00 English Books

© Delhi Public Library
Hit Counter
free hit counter